[Event "Madrid ch - Previa A"]
[Site "Madrid ESP"]
[Date "2008.11.04"]
[Round "2.6"]
[White "Cano Mercado, Francisco Manuel"]
[Black "Lopez Heras, Arturo"]
[Result "1-0"]
[WhiteElo "1891"]
[BlackElo "1988"]
[PlyCount "89"]
[EventDate "2008.11.03"]
[EventRounds "9"]
[EventCountry "ESP"]
[Source "lmi"]
[SourceDate "2008.11.03"]

1. d4 d5 2. Nf3 Bf5 3. c4 e6 4. Nc3 c6 5. Qb3 Qb6 6. Qxb6 axb6 7. Ne5 f6 8. Nf3
Bb4 9. cxd5 exd5 10. e3 Nh6 11. Be2 Nf7 12. O-O g5 13. Nd2 h5 14. f3 Nd7 15.
Nb3 Bc2 16. Bd2 f5 17. Rfc1 Bxb3 18. axb3 Ke7 19. Nxd5+ cxd5 20. Bxb4+ Ke6 21.
Rxa8 Rxa8 22. Ba3 Nd6 23. Kf2 Nf6 24. Bd3 Rc8 25. Rc3 Rc6 26. Ke2 h4 27. Rxc6
bxc6 28. Bxd6 Kxd6 29. Bxf5 c5 30. Kd3 Ng8 31. e4 Ne7 32. e5+ Kc6 33. Be6 Kb5
34. Kc3 Kc6 35. g3 Ng6 36. Bf7 hxg3 37. hxg3 Ne7 38. f4 Nf5 39. fxg5 Nxd4 40.
g4 Ne2+ 41. Kd2 Ng3 42. g6 Ne4+ 43. Ke3 Ng5 44. Bxd5+ Kxd5 45. g7 1-0

[Event "Madrid ch - Previa A"]
[Site "Madrid ESP"]
[Date "2008.11.04"]
[Round "2.7"]
[White "Martin Mazuelo, Miguel Angel"]
[Black "Sanz Esteban, Eduardo"]
[Result "0-1"]
[WhiteElo "1984"]
[BlackElo "1891"]
[PlyCount "100"]
[EventDate "2008.11.03"]
[EventRounds "9"]
[EventCountry "ESP"]
[Source "lmi"]
[SourceDate "2008.11.03"]

1. e4 e5 2. d4 exd4 3. Bc4 Nf6 4. e5 d5 5. Qxd4 dxc4 6. Qxd8+ Kxd8 7. exf6 gxf6
8. Nc3 Bf5 9. Kd1 Bc5 10. Be3 Bxe3 11. fxe3 Rg8 12. g3 Re8 13. Kd2 c6 14. Rf1
Bg6 15. Nf3 Nd7 16. Nh4 Kc7 17. Nxg6 fxg6 18. Rf4 Rad8 19. Re1 f5 20. Kc1 b5
21. a3 a5 22. Nd1 Nf6 23. h3 h5 24. Nc3 Kb6 25. Re2 b4 26. Nd1 Ne4 27. g4 hxg4
28. hxg4 Rh8 29. Re1 Rh2 30. gxf5 gxf5 31. axb4 axb4 32. c3 b3 33. Rxe4 fxe4
34. Rf1 Kc5 35. Rg1 Rd5 36. Rf1 Rdh5 37. Nf2 R5h4 38. Kd1 Kd5 39. Ke1 Rg2 40.
Kd1 Rhh2 41. Ke1 c5 42. Ke2 Ke5 43. Ke1 Ke6 44. Ke2 Kf5 45. Ke1 Kg6 46. Ke2 Kh5
47. Ke1 Kh4 48. Nxe4 Rxb2 49. Rf4+ Kh5 50. Nf2 Rbxf2 0-1

[Event "Madrid ch - Previa A"]
[Site "Madrid ESP"]
[Date "2008.11.04"]
[Round "2.8"]
[White "Montero Garcia, Francisco Javier"]
[Black "Osorio Ramos, Francisco"]
[Result "1/2-1/2"]
[WhiteElo "1887"]
[BlackElo "1960"]
[PlyCount "61"]
[EventDate "2008.11.03"]
[EventRounds "9"]
[EventCountry "ESP"]
[Source "lmi"]
[SourceDate "2008.11.03"]

1. e4 c5 2. Nf3 d6 3. d4 cxd4 4. Nxd4 Nf6 5. Nc3 a6 6. Bg5 e6 7. f4 Nbd7 8. Qf3
Qc7 9. O-O-O b5 10. Bxb5 axb5 11. Ndxb5 Qb8 12. e5 Bb7 13. Qe2 dxe5 14. Qc4 Qc8
15. Nc7+ Kd8 16. Bxf6+ gxf6 17. Rxd7+ Kxd7 18. Rd1+ Bd6 19. N3b5 Bd5 20. Rxd5
exd5 21. Qxd5 Qxc7 22. Qxf7+ Kc6 23. Qc4+ Kb6 24. Nxc7 Bxc7 25. Qe6+ Kb7 26.
Qd5+ Kb8 27. Qb3+ Ka7 28. Qa3+ Kb7 29. Qb3+ Bb6 30. Qf7+ Ka6 31. Qc4+ 1/2-1/2

[Event "Madrid ch - Previa A"]
[Site "Madrid ESP"]
[Date "2008.11.04"]
[Round "2.9"]
[White "Beekhof Harmsen, Willen"]
[Black "Benitez Cadenas, Luis Miguel"]
[Result "1-0"]
[WhiteElo "1958"]
[BlackElo "1762"]
[PlyCount "107"]
[EventDate "2008.11.03"]
[EventRounds "9"]
[EventCountry "ESP"]
[Source "lmi"]
[SourceDate "2008.11.03"]

1. d4 d5 2. Nf3 Nf6 3. e3 e6 4. Bd3 Nbd7 5. Nbd2 c5 6. c3 Bd6 7. Qe2 O-O 8. O-O
Re8 9. e4 dxe4 10. Nxe4 Nxe4 11. Bxe4 Nf6 12. Bc2 cxd4 13. Nxd4 h6 14. h3 b6
15. Qf3 Ba6 16. Rd1 Nd5 17. b3 Qc7 18. c4 Ne7 19. Qe4 Ng6 20. Nf3 Bb7 21. Qg4
Bxf3 22. Qxf3 Be5 23. Rb1 Bf6 24. Bxg6 fxg6 25. Ba3 Rad8 26. Rxd8 Rxd8 27. Rd1
Rxd1+ 28. Qxd1 Qe5 29. Bd6 Qb2 30. a3 Bd4 31. Bg3 Qa1 32. Qxa1 Bxa1 33. Bd6 Kf7
34. a4 g5 35. b4 a6 36. c5 bxc5 37. Bxc5 Ke8 38. b5 axb5 39. axb5 Kd7 40. Kf1
Be5 41. Ke2 Bd6 42. Be3 Bb8 43. Kd3 Kd6 44. Kc4 g6 45. h4 gxh4 46. Bf4+ e5 47.
Bxh6 Ba7 48. f3 Bf2 49. Bf8+ Ke6 50. Bc5 Bg3 51. b6 e4 52. fxe4 Ke5 53. Kd3 Kf4
54. Bd6+ 1-0

[Event "Madrid ch - Previa A"]
[Site "Madrid ESP"]
[Date "2008.11.04"]
[Round "2.14"]
[White "Manzano Molina, Daniel"]
[Black "Lopez Peral, Enrique"]
[Result "1-0"]
[WhiteElo "1608"]
[BlackElo "1895"]
[PlyCount "73"]
[EventDate "2008.11.03"]
[EventRounds "9"]
[EventCountry "ESP"]
[Source "lmi"]
[SourceDate "2008.11.03"]

1. d4 d5 2. c4 dxc4 3. e4 e5 4. d5 Bb4+ 5. Nc3 Bxc3+ 6. bxc3 b5 7. a4 Bd7 8.
axb5 Bxb5 9. Nf3 Nd7 10. Be3 Ngf6 11. Nd2 a6 12. Qf3 h6 13. Bxc4 Bxc4 14. Nxc4
Qe7 15. Qg3 Nxe4 16. Qxg7 Qf6 17. Qxf6 Ndxf6 18. Ra5 Nxc3 19. Nxe5 Ncxd5 20.
O-O Nxe3 21. fxe3 Ke7 22. Nc6+ Kd7 23. Rxf6 Rhe8 24. Rd5+ Kc8 25. Re5 Rxe5 26.
Nxe5 a5 27. Rxf7 Kb7 28. Rf1 Kb6 29. Ra1 a4 30. Kf2 Kb5 31. Nd3 c5 32. Ke2 c4
33. Kd2 cxd3 34. Kxd3 Kb4 35. Kc2 Rc8+ 36. Kb2 Rc3 37. Rxa4+ 1-0

[Event "Madrid ch - Previa A"]
[Site "Madrid ESP"]
[Date "2008.11.04"]
[Round "2.16"]
[White "Gonzalez Recas, Fernando"]
[Black "Galan Aguado, Fernando"]
[Result "1-0"]
[WhiteElo "1862"]
[BlackElo "1811"]
[PlyCount "77"]
[EventDate "2008.11.03"]
[EventRounds "9"]
[EventCountry "ESP"]
[Source "lmi"]
[SourceDate "2008.11.03"]

1. e4 e6 2. d4 d5 3. e5 c5 4. c3 Nc6 5. Nf3 Qb6 6. a3 c4 7. Nbd2 Na5 8. g3 Bd7
9. Bg2 Ne7 10. Ng5 h6 11. Nh3 g5 12. f4 gxf4 13. Nxf4 Nf5 14. Qe2 Be7 15. Bh3
Ng7 16. Nh5 Nxh5 17. Qxh5 Bg5 18. Qe2 O-O-O 19. Rb1 Rdf8 20. Nf3 Bxc1 21. Rxc1
Nc6 22. Nh4 Ne7 23. Rf1 Qd8 24. Qc2 Kb8 25. Rf2 Qa5 26. Ke2 Qb5 27. Rcf1 f5 28.
exf6 Nf5 29. Ng6 Nxd4+ 30. cxd4 c3+ 31. Ke1 cxb2 32. Qxb2 Qd3 33. Nxh8 Rxh8 34.
Rf3 Qe4+ 35. Kf2 Rc8 36. f7 Rf8 37. Re1 Qg6 38. Qe2 Qh5 39. Qe5+ 1-0

[Event "Madrid ch - Previa A"]
[Site "Madrid ESP"]
[Date "2008.11.04"]
[Round "2.18"]
[White "Maseda Iglesias, Luis"]
[Black "Cortijo Manso, Luis"]
[Result "1-0"]
[WhiteElo "1896"]
[BlackElo "1689"]
[PlyCount "95"]
[EventDate "2008.11.03"]
[EventRounds "9"]
[EventCountry "ESP"]
[Source "lmi"]
[SourceDate "2008.11.03"]

1. d4 Nf6 2. c4 c5 3. d5 b5 4. Nf3 g6 5. cxb5 a6 6. Nc3 d6 7. e4 Bg7 8. a4 O-O
9. Rb1 Bb7 10. Bd3 Nbd7 11. O-O axb5 12. Bxb5 Ba6 13. Re1 Nb6 14. b3 Ng4 15.
Bd2 c4 16. Bxa6 Rxa6 17. h3 Ne5 18. Nxe5 Bxe5 19. b4 Bxc3 20. Bxc3 Rxa4 21. Qd4
f6 22. Ra1 Rxa1 23. Rxa1 Qc7 24. Ra6 Rb8 25. g4 h6 26. h4 Qb7 27. b5 Nd7 28.
Qxc4 Qxb5 29. Qxb5 Rxb5 30. Ra7 Ne5 31. Bxe5 fxe5 32. Rxe7 Rb6 33. Kg2 Rb8 34.
Re6 Rb6 35. Rxg6+ Kh7 36. h5 Ra6 37. Kg3 Ra3+ 38. f3 Ra6 39. g5 hxg5 40. Kg4
Ra1 41. Rxd6 Rg1+ 42. Kf5 Rg3 43. Rg6 Rxf3+ 44. Kxe5 Rf8 45. Rxg5 Kh6 46. Rf5
Re8+ 47. Kd4 Ra8 48. d6 1-0

[Event "Madrid ch - Previa A"]
[Site "Madrid ESP"]
[Date "2008.11.04"]
[Round "2.19"]
[White "Suarez Mencia, Roberto"]
[Black "Pardiñas Riaño, Emilio"]
[Result "0-1"]
[WhiteElo "1658"]
[BlackElo "1852"]
[PlyCount "56"]
[EventDate "2008.11.03"]
[EventRounds "9"]
[EventCountry "ESP"]
[Source "lmi"]
[SourceDate "2008.11.03"]

1. c4 e5 2. g3 Nf6 3. Bg2 c6 4. e3 d5 5. cxd5 cxd5 6. Ne2 Be7 7. Nbc3 O-O 8. d4
exd4 9. exd4 Nc6 10. O-O Be6 11. f4 Qd7 12. a3 Bh3 13. f5 Bxf5 14. Nf4 Be6 15.
Nh5 Nxh5 16. Qxh5 Rad8 17. h3 Nxd4 18. Bf4 f6 19. Rad1 Bf7 20. Qh4 Bc5 21. Kh2
g5 22. Bxg5 fxg5 23. Qxg5+ Bg6 24. Bxd5+ Kh8 25. Bxb7 Qxb7 26. Rxf8+ Rxf8 27.
Qe5+ Kg8 28. Nd5 Nf3+ 0-1

[Event "Madrid ch - Previa A"]
[Site "Madrid ESP"]
[Date "2008.11.04"]
[Round "2.20"]
[White "Arias De Reina Martinez, Francisco"]
[Black "Garcia Lopez, Pedro"]
[Result "0-1"]
[WhiteElo "1621"]
[BlackElo "1839"]
[PlyCount "88"]
[EventDate "2008.11.03"]
[EventRounds "9"]
[EventCountry "ESP"]
[Source "lmi"]
[SourceDate "2008.11.03"]

1. e4 c5 2. Nf3 d6 3. d4 cxd4 4. Nxd4 Nc6 5. c4 Nf6 6. Nc3 e5 7. Nc2 Bg4 8. Be2
Be6 9. Be3 Be7 10. O-O O-O 11. b3 a6 12. Bf3 Nd7 13. Nd5 b6 14. Qd2 Bxd5 15.
cxd5 Na5 16. Rac1 Nc5 17. Nb4 Qd7 18. Nd3 Naxb3 19. axb3 Nxb3 20. Qb2 Nxc1 21.
Rxc1 b5 22. Nb4 a5 23. Nc6 b4 24. Ra1 Qc7 25. Bd1 Rfc8 26. Bb6 Qb7 27. Bxa5 Bf8
28. Rb1 Qb5 29. Bxb4 Qd3 30. Qc2 Qa6 31. g3 Rab8 32. Nxb8 Rxb8 33. Qa4 Qc4 34.
Qc2 Rxb4 35. Rxb4 Qxb4 36. Be2 g6 37. Kg2 Qd4 38. Qd3 Qb2 39. Qb5 Qc1 40. Qc4
Qg5 41. Qc8 h5 42. h4 Qd2 43. Qc4 Bh6 44. Qd3 Qb2 0-1

[Event "Madrid ch - Previa A"]
[Site "Madrid ESP"]
[Date "2008.11.04"]
[Round "2.21"]
[White "Canseco Arenas, Alfonso"]
[Black "Poblador Dieguez, Alfredo"]
[Result "1/2-1/2"]
[WhiteElo "1822"]
[BlackElo "1654"]
[PlyCount "122"]
[EventDate "2008.11.03"]
[EventRounds "9"]
[EventCountry "ESP"]
[Source "lmi"]
[SourceDate "2008.11.03"]

1. a3 d5 2. Nf3 Nf6 3. g3 Nc6 4. Bg2 e6 5. d4 Be7 6. c3 a5 7. a4 O-O 8. Na3 Na7
9. O-O c5 10. dxc5 Bxc5 11. Nd4 Ne8 12. Bf4 Bd6 13. Bd2 Bc5 14. e3 Nd6 15. Be1
Bd7 16. Bd2 Nc4 17. Nxc4 dxc4 18. Qc2 Qc7 19. Rfd1 e5 20. Nf3 f6 21. Be1 Rad8
22. Nd2 Be6 23. Be4 f5 24. Bg2 e4 25. Bf1 Be7 26. Nb1 Rxd1 27. Qxd1 Rd8 28. Qe2
Nc6 29. Na3 Ne5 30. Nb5 Qd7 31. Nd4 Nd3 32. Qc2 Bf7 33. Bd2 Bh5 34. b3 cxb3 35.
Qxb3+ Kh8 36. Rb1 Rb8 37. Qb5 Be8 38. Qxa5 b6 39. Qxf5 Bc5 40. Qxe4 Bg6 41. Qe6
Qxe6 42. Nxe6 Nf4 43. exf4 Bxb1 44. Nxc5 bxc5 45. a5 Rd8 46. Be3 Rd1 47. Kg2
Be4+ 48. f3 Bxf3+ 49. Kxf3 Rxf1+ 50. Kg2 Ra1 51. Bxc5 Rxa5 52. Bd4 Kg8 53. h4
g6 54. Kf3 Kf7 55. g4 h5 56. g5 Ke6 57. Be3 Ra3 58. c4 Rc3 59. c5 Kd5 60. f5
gxf5 61. Kf4 Rc4+ 1/2-1/2

[Event "Madrid ch - Previa A"]
[Site "Madrid ESP"]
[Date "2008.11.04"]
[Round "2.22"]
[White "Marcelo De La Mata, Daniel"]
[Black "Corredor Gonzalez, Angel L"]
[Result "1-0"]
[WhiteElo "1507"]
[BlackElo "1817"]
[PlyCount "91"]
[EventDate "2008.11.03"]
[EventRounds "9"]
[EventCountry "ESP"]
[Source "lmi"]
[SourceDate "2008.11.03"]

1. c4 e5 2. Nc3 Nf6 3. g3 Bb4 4. Bg2 Nc6 5. d3 d5 6. cxd5 Nxd5 7. Bd2 Bxc3 8.
bxc3 O-O 9. Nf3 Kh8 10. Rb1 Nb6 11. O-O h6 12. Qc1 Kh7 13. Be3 f5 14. Rd1 Nd5
15. Bc5 Rf7 16. e4 Nb6 17. d4 Qe8 18. dxe5 fxe4 19. Nd4 Qxe5 20. Nb3 Bg4 21.
Re1 Bf3 22. Bxf3 Rxf3 23. Bd4 Qf5 24. Qc2 Re8 25. Re2 Nd5 26. Nd2 Nxd4 27. cxd4
Rc3 28. Qa4 Re7 29. Rbe1 e3 30. fxe3 Rcxe3 31. Rxe3 Rxe3 32. Rf1 Qd3 33. Qd7
Ne7 34. Nb3 Re2 35. Qg4 Qc2 36. Qh3 b6 37. d5 a5 38. Nd4 Qc5 39. Qg4 Rd2 40.
Qe4+ Ng6 41. Rf4 Qc1+ 42. Rf1 Qb2 43. Ne6 Rxh2 44. Nf8+ Kg8 45. Nxg6 Re2 46.
Ne7+ 1-0

[Event "Madrid ch - Previa A"]
[Site "Madrid ESP"]
[Date "2008.11.04"]
[Round "2.23"]
[White "Del Castillo Lopez, Rafael"]
[Black "Zamora Pastora, Roger"]
[Result "1/2-1/2"]
[WhiteElo "1815"]
[BlackElo "1620"]
[PlyCount "94"]
[EventDate "2008.11.03"]
[EventRounds "9"]
[EventCountry "ESP"]
[Source "lmi"]
[SourceDate "2008.11.03"]

1. Nf3 Nf6 2. g3 e6 3. Bg2 g6 4. b3 Bg7 5. Bb2 d5 6. d4 O-O 7. O-O Re8 8. Ne5
Nbd7 9. f4 Ne4 10. Nd2 Ndf6 11. e3 h5 12. Nxe4 Nxe4 13. Qd3 Bxe5 14. fxe5 Ng5
15. h4 Nh7 16. Rf2 Re7 17. Ba3 Rd7 18. Raf1 a5 19. Bc1 b6 20. c4 c6 21. cxd5
cxd5 22. Qb1 Ba6 23. Rd1 Rc8 24. Bf1 Bxf1 25. Rdxf1 Rc6 26. Ba3 Qc8 27. Bd6 Rc3
28. Re2 Qc6 29. Kg2 Qb5 30. Kf3 g5 31. Rff2 g4+ 32. Kg2 Qc6 33. Rc2 Rxc2 34.
Rxc2 Qb5 35. Rc8+ Kg7 36. Qc2 Qa6 37. Rb8 Qb5 38. Kf2 Rxd6 39. exd6 Nf6 40. Kg2
Ne4 41. d7 Qxd7 42. Rxb6 Qe7 43. Ra6 Qb4 44. Qe2 Qc3 45. Ra7 Qb4 46. Rc7 Qd6
47. Rc2 Qxg3+ 1/2-1/2

[Event "Madrid ch - Previa A"]
[Site "Madrid ESP"]
[Date "2008.11.04"]
[Round "2.24"]
[White "Martinez Miura, Enrique"]
[Black "Aburto Renovales, Rafael"]
[Result "0-1"]
[WhiteElo "1779"]
[BlackElo "1530"]
[PlyCount "58"]
[EventDate "2008.11.03"]
[EventRounds "9"]
[EventCountry "ESP"]
[Source "lmi"]
[SourceDate "2008.11.03"]

1. e4 c5 2. c4 e5 3. Nc3 Nf6 4. g3 d6 5. Bg2 Nc6 6. Nge2 Be7 7. O-O O-O 8. d3
a6 9. Nd5 Nxd5 10. cxd5 Nb8 11. f4 exf4 12. Bxf4 Nd7 13. Qd2 f6 14. Rac1 Qe8
15. d4 b6 16. e5 dxe5 17. dxe5 fxe5 18. d6 Bf6 19. Bxa8 exf4 20. Bd5+ Kh8 21.
Rxf4 Ne5 22. b4 cxb4 23. Rxb4 b5 24. Rc7 Be6 25. Bg2 Nc4 26. Qc2 Bg4 27. Kf2
Qe3+ 28. Kf1 Nd2+ 29. Ke1 Qxe2# 0-1

[Event "Madrid ch - Previa A"]
[Site "Madrid ESP"]
[Date "2008.11.05"]
[Round "3.1"]
[White "Sanz Esteban, Eduardo"]
[Black "Martin Martin, Luis Vicente"]
[Result "1-0"]
[WhiteElo "1891"]
[BlackElo "2085"]
[PlyCount "51"]
[EventDate "2008.11.03"]
[EventRounds "9"]
[EventCountry "ESP"]
[Source "lmi"]
[SourceDate "2008.11.03"]

1. e4 e6 2. d4 d5 3. Nc3 dxe4 4. Nxe4 Nd7 5. Nf3 Ngf6 6. Bd3 c5 7. Nxf6+ Nxf6
8. dxc5 Bxc5 9. Bg5 O-O 10. Qe2 Qa5+ 11. Bd2 Qc7 12. O-O-O b6 13. Bc3 Bb7 14.
Be5 Qe7 15. Kb1 Rfd8 16. Nd2 Bd4 17. f3 Bxe5 18. Qxe5 Rac8 19. Ne4 Nxe4 20.
Bxe4 f6 21. Qf4 e5 22. Qe3 Qc7 23. Bf5 g6 24. Qb3+ Kg7 25. Bxc8 Rxc8 26. Rd2
1-0

[Event "Madrid ch - Previa A"]
[Site "Madrid ESP"]
[Date "2008.11.05"]
[Round "3.2"]
[White "Garcia Gutierrez, Jose"]
[Black "Beekhof Harmsen, Willen"]
[Result "1-0"]
[WhiteElo "2059"]
[BlackElo "1958"]
[PlyCount "92"]
[EventDate "2008.11.03"]
[EventRounds "9"]
[EventCountry "ESP"]
[Source "lmi"]
[SourceDate "2008.11.03"]

1. e4 d6 2. d4 Nf6 3. Nc3 g6 4. Bg5 Bg7 5. e5 dxe5 6. dxe5 Nfd7 7. e6 fxe6 8.
Nf3 c6 9. Qd2 Qc7 10. O-O-O Qa5 11. Bh6 Bxc3 12. Qxc3 Qxc3 13. bxc3 b5 14. Be2
Na6 15. Rhe1 Nc7 16. Nd4 Nd5 17. Nxe6 N7f6 18. c4 Bxe6 19. cxd5 Bxd5 20. Bg7
Rg8 21. Bxf6 exf6 22. Bf3+ Kd7 23. Bxd5 cxd5 24. Rxd5+ Kc6 25. Red1 Rg7 26.
Rd6+ Kc7 27. Rxf6 Rd8 28. Rxd8 Kxd8 29. c3 Kc7 30. Kc2 Kb7 31. f4 Rd7 32. g4 a5
33. h4 Rc7 34. Kb3 Rc4 35. h5 a4+ 36. Kb2 g5 37. fxg5 Rxg4 38. g6 hxg6 39. hxg6
Kc7 40. Ka3 Rg2 41. Kb4 Rb2+ 42. Kc5 Kd7 43. g7 Rg2 44. Rf7+ Ke6 45. Rb7 Kf6
46. Kxb5 a3 1-0

[Event "Madrid ch - Previa A"]
[Site "Madrid ESP"]
[Date "2008.11.05"]
[Round "3.3"]
[White "Gabriel y Galan Acevedo, Jesus"]
[Black "Pardo Robles, Jose M"]
[Result "1/2-1/2"]
[WhiteElo "2033"]
[BlackElo "1941"]
[PlyCount "56"]
[EventDate "2008.11.03"]
[EventRounds "9"]
[EventCountry "ESP"]
[Source "lmi"]
[SourceDate "2008.11.03"]

1. e4 c5 2. Nf3 d6 3. Bb5+ Bd7 4. Bxd7+ Qxd7 5. c4 Nc6 6. O-O Nf6 7. Nc3 e6 8.
d4 cxd4 9. Nxd4 Be7 10. Be3 O-O 11. Qe2 a6 12. Rad1 Qc7 13. Rc1 Rac8 14. b3 Qa5
15. Rfd1 Rfe8 16. f4 Nxd4 17. Bxd4 e5 18. Be3 b5 19. Nd5 Nxd5 20. Rxd5 exf4 21.
Bxf4 Qa3 22. Rcd1 bxc4 23. bxc4 Qa4 24. Bxd6 Bxd6 25. Rxd6 Rxc4 26. e5 Rc2 27.
Rxa6 Rxe2 28. Rxa4 R2xe5 1/2-1/2

[Event "Madrid ch - Previa A"]
[Site "Madrid ESP"]
[Date "2008.11.05"]
[Round "3.4"]
[White "Andalon Gomez, Carlos J"]
[Black "Cano Mercado, Francisco Manuel"]
[Result "0-1"]
[WhiteElo "2012"]
[BlackElo "1891"]
[PlyCount "122"]
[EventDate "2008.11.03"]
[EventRounds "9"]
[EventCountry "ESP"]
[Source "lmi"]
[SourceDate "2008.11.03"]

1. d4 d5 2. c4 c6 3. Nf3 Nf6 4. Nc3 e6 5. Bg5 Nbd7 6. e3 Qa5 7. cxd5 Nxd5 8.
Qd2 Bb4 9. Rc1 O-O 10. Bd3 Nxc3 11. bxc3 Ba3 12. Rb1 e5 13. O-O Bd6 14. Qc2 h6
15. Bh4 exd4 16. cxd4 Re8 17. e4 Qh5 18. e5 Bf8 19. Bg3 Nb6 20. a4 Nd5 21. Be4
Nb4 22. Qd2 a5 23. Qf4 Qg4 24. Qe3 Bf5 25. Nd2 Rad8 26. f3 Qg6 27. Rfc1 Qe6 28.
Nc4 Nd5 29. Qf2 Bb4 30. Qb2 g5 31. Be1 Nf4 32. Bxb4 axb4 33. Qc2 Bxe4 34. Qxe4
Rxd4 35. Qc2 c5 36. Nd6 Re7 37. Qxc5 Qxe5 38. Qxe5 Rxe5 39. Ne4 Ne2+ 40. Kf2
Nxc1 41. Rxc1 Ra5 42. Rc7 Rxa4 43. Rxb7 Rc4 44. Nd6 Rc2+ 45. Kg3 Raa2 46. Nxf7
Rxg2+ 47. Kh3 Rxh2+ 48. Kg4 Rh4+ 49. Kg3 Ra6 50. Ne5 Re6 51. Nd7 Rf4 52. Rb8+
Kg7 53. Nc5 Ref6 54. Kg2 Rxf3 55. Rxb4 R3f4 56. Rb7+ Kg6 57. Nd7 Rd6 58. Ne5+
Kh5 59. Rb3 Rd2+ 60. Kg1 g4 61. Rb5 Rf5 0-1

[Event "Madrid ch - Previa A"]
[Site "Madrid ESP"]
[Date "2008.11.05"]
[Round "3.6"]
[White "Baeza Escudero, Javier"]
[Black "Tejedor Ariza, Francisco"]
[Result "1/2-1/2"]
[WhiteElo "1901"]
[BlackElo "2031"]
[PlyCount "90"]
[EventDate "2008.11.03"]
[EventRounds "9"]
[EventCountry "ESP"]
[Source "lmi"]
[SourceDate "2008.11.03"]

1. e4 c5 2. Nf3 e6 3. d4 cxd4 4. Nxd4 Nf6 5. Nc3 Bb4 6. e5 Nd5 7. Bd2 Nxc3 8.
bxc3 Be7 9. Qg4 g6 10. Nb5 Nc6 11. Nd6+ Bxd6 12. exd6 h5 13. Qf4 Qa5 14. c4
Qe5+ 15. Qxe5 Nxe5 16. Bc3 f6 17. f4 Ng4 18. Bd3 Kf7 19. h3 Ne3 20. Kf2 Nf5 21.
c5 h4 22. Rab1 b6 23. cxb6 axb6 24. Rxb6 Rxa2 25. Ra1 Rxa1 26. Bxa1 Re8 27. c4
e5 28. fxe5 fxe5 29. c5 Nd4 30. Bxd4 exd4 31. c6 dxc6 32. Rxc6 Ke6 33. Bxg6
Rf8+ 34. Ke1 Kd5 35. Rb6 Kc5 36. Rb8 Kxd6 37. Bh5 Kc5 38. Kd2 Rg8 39. Bf3 Be6
40. Rb7 Bd5 41. Rc7+ Kd6 42. Rh7 Bxf3 43. gxf3 Rf8 44. Rxh4 Rxf3 45. Rxd4+ Ke5
1/2-1/2

[Event "Madrid ch - Previa A"]
[Site "Madrid ESP"]
[Date "2008.11.05"]
[Round "3.7"]
[White "Osorio Ramos, Francisco"]
[Black "Gonzalez Recas, Fernando"]
[Result "1/2-1/2"]
[WhiteElo "1960"]
[BlackElo "1862"]
[PlyCount "72"]
[EventDate "2008.11.03"]
[EventRounds "9"]
[EventCountry "ESP"]
[Source "lmi"]
[SourceDate "2008.11.03"]

1. d4 Nf6 2. c4 e6 3. Nf3 Bb4+ 4. Bd2 a5 5. Nc3 O-O 6. g3 d6 7. Bg2 Nbd7 8. O-O
Re8 9. a3 Bxc3 10. Bxc3 Ne4 11. Nd2 Nxc3 12. bxc3 Nf6 13. Qc2 c6 14. Rab1 Qc7
15. e3 Bd7 16. Qb3 Reb8 17. Rb2 b6 18. Rfb1 Ra6 19. Bf1 c5 20. Bg2 h6 21. Qc2
g6 22. h3 Kg7 23. Bf1 Re8 24. d5 e5 25. Bg2 Rb8 26. a4 Qc8 27. Kh2 Qc7 28. Re1
Re8 29. Nb1 Bf5 30. e4 Bd7 31. Na3 Rb8 32. Nb5 Bxb5 33. cxb5 Ra7 34. c4 Rf8 35.
Qc3 Qe7 36. Rbe2 Nd7 1/2-1/2

[Event "Madrid ch - Previa A"]
[Site "Madrid ESP"]
[Date "2008.11.05"]
[Round "3.8"]
[White "Ortega Morales, Pedro"]
[Black "Montero Garcia, Francisco Javier"]
[Result "0-1"]
[WhiteElo "1911"]
[BlackElo "1887"]
[PlyCount "72"]
[EventDate "2008.11.03"]
[EventRounds "9"]
[EventCountry "ESP"]
[Source "lmi"]
[SourceDate "2008.11.03"]

1. d4 Nf6 2. Bf4 g6 3. e3 Bg7 4. Nf3 O-O 5. Be2 d6 6. O-O Nh5 7. Bg5 h6 8. Bh4
g5 9. Nfd2 Nf6 10. Bg3 Nc6 11. h3 e5 12. c3 Bf5 13. a4 Qd7 14. Re1 Bg6 15. Na3
Nh7 16. d5 Ne7 17. Bb5 c6 18. dxc6 bxc6 19. Bc4 Kh8 20. e4 f5 21. exf5 Nxf5 22.
Bd3 Rae8 23. Bxf5 Bxf5 24. Ndc4 Re6 25. Ne3 Bg6 26. Nac4 Nf6 27. Ng4 Rd8 28. f3
Nh5 29. Bh2 Nf4 30. Nf2 d5 31. Nd2 Rde8 32. b4 e4 33. Qb3 e3 34. Bxf4 exf2+ 35.
Kxf2 gxf4 36. Rad1 Bf6 0-1

[Event "Madrid ch - Previa A"]
[Site "Madrid ESP"]
[Date "2008.11.05"]
[Round "3.9"]
[White "Lopez Heras, Arturo"]
[Black "Manzano Molina, Daniel"]
[Result "1-0"]
[WhiteElo "1988"]
[BlackElo "1608"]
[PlyCount "46"]
[EventDate "2008.11.03"]
[EventRounds "9"]
[EventCountry "ESP"]
[Source "lmi"]
[SourceDate "2008.11.03"]

1. e4 c6 2. d4 d5 3. e5 Bf5 4. Nd2 e6 5. Nb3 Bb4+ 6. c3 Be7 7. Nf3 Bg4 8. Be2
Nd7 9. h3 Bh5 10. O-O Bxf3 11. Bxf3 Bg5 12. Qd3 Bxc1 13. Raxc1 Ne7 14. Rfe1 Qb6
15. c4 O-O 16. c5 Qc7 17. Bd1 a6 18. Bc2 g6 19. h4 Nf5 20. h5 Qd8 21. hxg6 fxg6
22. Qh3 Qh4 23. Bxf5 Qf6 1-0

[Event "Madrid ch - Previa A"]
[Site "Madrid ESP"]
[Date "2008.11.05"]
[Round "3.10"]
[White "Perez Cameselle, Francisco Jose"]
[Black "Garcia Lopez, Pedro"]
[Result "0-1"]
[WhiteElo "2010"]
[BlackElo "1839"]
[PlyCount "94"]
[EventDate "2008.11.03"]
[EventRounds "9"]
[EventCountry "ESP"]
[Source "lmi"]
[SourceDate "2008.11.03"]

1. Nf3 c5 2. g3 Nc6 3. Bg2 Nf6 4. d3 d6 5. O-O h6 6. Nbd2 e5 7. e4 Be7 8. c3
O-O 9. Nh4 Be6 10. Nf5 Qd7 11. Nxe7+ Nxe7 12. f4 exf4 13. gxf4 Bh3 14. f5 Bxg2
15. Kxg2 Nc6 16. c4 Ne5 17. Nf3 Kh7 18. Kh1 g5 19. fxg6+ fxg6 20. Nxe5 dxe5 21.
Be3 b6 22. Qe2 Rf7 23. Rad1 Raf8 24. Qg2 Qg4 25. Bc1 Qxg2+ 26. Kxg2 Nh5 27.
Rxf7+ Rxf7 28. b3 Kg7 29. Bb2 Nf4+ 30. Kh1 Kf6 31. Rf1 g5 32. h4 Rd7 33. hxg5+
hxg5 34. Rf3 Rxd3 35. Rxd3 Nxd3 36. Ba3 Nf2+ 37. Kg2 Nxe4 38. b4 cxb4 39. Bxb4
g4 40. a4 Kf5 41. a5 Nc5 42. axb6 axb6 43. Be1 Kf4 44. Bd2+ Kf5 45. Be1 Nd3 46.
Bh4 Nb2 47. c5 bxc5 0-1

[Event "Madrid ch - Previa A"]
[Site "Madrid ESP"]
[Date "2008.11.05"]
[Round "3.11"]
[White "Benitez Cadenas, Luis Miguel"]
[Black "Martin Mazuelo, Miguel Angel"]
[Result "1/2-1/2"]
[WhiteElo "1762"]
[BlackElo "1984"]
[PlyCount "174"]
[EventDate "2008.11.03"]
[EventRounds "9"]
[EventCountry "ESP"]
[Source "lmi"]
[SourceDate "2008.11.03"]

1. d4 c5 2. Nf3 e6 3. c4 Nf6 4. Nc3 d5 5. cxd5 Nxd5 6. e4 Nxc3 7. bxc3 Be7 8.
Bd3 O-O 9. Bf4 cxd4 10. cxd4 Qa5+ 11. Bd2 Qh5 12. Ne5 Qxd1+ 13. Rxd1 Nd7 14.
Nc4 b6 15. f3 Rd8 16. Kf2 Bb7 17. Be3 Rac8 18. Rc1 Nb8 19. Ne5 Bf6 20. Rxc8
Bxc8 21. Ke2 Bxe5 22. dxe5 Nc6 23. Bg5 Rd7 24. Rc1 Bb7 25. Bf4 h6 26. h4 Nb4
27. Bb5 Ba6 28. Bxa6 Nxa6 29. Rc8+ Kh7 30. Be3 Rc7 31. Rxc7 Nxc7 32. a4 Kg8 33.
Kd3 Kf8 34. a5 bxa5 35. Bxa7 Na6 36. Kc4 Ke8 37. Bb6 a4 38. Kb5 Nb8 39. Kxa4
Nc6 40. Kb5 Kd7 41. Bc5 g6 42. Bf8 h5 43. Bg7 Nd4+ 44. Kc5 Nc2 45. g4 Ne1 46.
gxh5 gxh5 47. f4 Ng2 48. Bf6 Nxf4 49. Kd4 Ng6 50. Kc5 Kc7 51. Kc4 Kc6 52. Kd4
Kb5 53. Kd3 Kb4 54. Kd4 Kb3 55. Kd3 Nf8 56. Bg7 Ng6 57. Bf6 Kb2 58. Kd2 Nf4 59.
Ke3 Ng6 60. Kd2 Nf8 61. Bg7 Nd7 62. Ke3 Kc3 63. Kf4 Kd3 64. Kg5 Kxe4 65. Kxh5
Nxe5 66. Bxe5 Kxe5 67. Kg5 f6+ 68. Kg6 f5 69. h5 f4 70. h6 Ke4 71. h7 f3 72.
h8=Q f2 73. Qf6 Ke3 74. Qxe6+ Kd2 75. Qf5 Ke1 76. Qe4+ Kf1 77. Kg5 Kg1 78. Qg4+
Kh1 79. Qf3+ Kg1 80. Qg3+ Kh1 81. Qh3+ Kg1 82. Qe3 Kg2 83. Qe4+ Kg1 84. Qg4+
Kh1 85. Qh3+ Kg1 86. Qg3+ Kh1 87. Qf3+ Kg1 1/2-1/2